000 00682nam a2200229 a 4500
001 54641
003 BD-RjUL
005 20211209080141.0
008 161108s19511944enk||||| |||| 001 0 eng d
035 _a(BD-RjUL) 54763
040 _dBD-RjUL
_aBD-RjUL
_beng
_cBD-RjUL
041 _aeng
082 _223
_a822.33
_bTIS 1951
100 1 _aRonald, E. M. W.
_d1889-1962.
_9141401
245 1 0 _aShakespeare's history plays /
_c E.M.W. Roanld
246 _b2nd ed.
260 _aLondon :
_bChatto and Windus
_c1951 [impression 1951].
300 _aviii, 456 p. ;
_c22 cm.
500 _aIncludes index
600 1 0 _aShakespeare, William
_d1564-1616
_xHistories.
_9162977
942 _2ddc
_cBK
999 _c54641
_d54641